[Event "Mondiale Lampo FIDE 2017"]
[Site "Riyadh"]
[Date "30.12.2017"]
[Round "17.5"]
[White "Nepomniachtchi, Ian"]
[Black "Savchenko, Boris"]
[Result "1/2-1/2"]
[WhiteTitle "GM"]
[BlackTitle "GM"]
[WhiteElo "2729"]
[BlackElo "2566"]
[WhiteFideId "4168119"]
[BlackFideId "4147332"]
[EventDate "2017.12.29"]

1. e4 c5 2. Nf3 g6 3. c3 Bg7 4. d4 cxd4 5. cxd4 d5 6. e5 a6 7. Nc3 Bg4 8. Be2
Nc6 9. O-O Nh6 10. h3 Bxf3 11. Bxf3 e6 12. Ne2 Nf5 13. Bg4 Nfe7 14. Bf4 h5 15.
Bf3 Nf5 16. Qd2 Qa5 17. Qxa5 Nxa5 18. g4 hxg4 19. hxg4 Ne7 20. Kg2 f6 21. exf6
Bxf6 22. b3 Nac6 23. Rad1 g5 24. Be3 Ng6 25. Kg1 Kd7 26. Ng3 Raf8 27. Nh5 Be7
28. Bg2 Nf4 29. Bxf4 gxf4 30. Bf3 Bd8 31. Rd3 Kd6 32. Rfd1 Nb4 33. R3d2 Ba5 34.
a3 Nc6 35. b4 Bd8 36. Rd3 Bg5 37. R3d2 Rfg8 38. Kf1 Rf8 39. Re2 Re8 40. Ng7 Re7
41. Nh5 Ree8 42. Ng7 Re7 1/2-1/2

[Event "Mondiale Lampo FIDE 2017"]
[Site "Riyadh"]
[Date "30.12.2017"]
[Round "17.7"]
[White "Jobava, Baadur"]
[Black "Anand, Viswanathan"]
[Result "0-1"]
[WhiteTitle "GM"]
[BlackTitle "GM"]
[WhiteElo "2690"]
[BlackElo "2782"]
[WhiteFideId "13601520"]
[BlackFideId "5000017"]
[EventDate "2017.12.29"]

1. d4 d5 2. Bf4 Nf6 3. Nc3 e6 4. Nb5 Na6 5. e3 c6 6. Nc3 Nc7 7. Nf3 Bd6 8. Ne5
O-O 9. Qf3 Bb4 10. Bd3 Nb5 11. O-O Nxc3 12. bxc3 Bxc3 13. Rab1 Nd7 14. Qg3 Nxe5
15. Bxe5 f6 16. Bd6 Rf7 17. Rb3 Ba5 18. e4 Bc7 19. Bxc7 Qxc7 20. e5 c5 21. Bxh7+
Kxh7 22. Qh4+ Kg8 23. Rh3 Kf8 24. Qh8+ Ke7 25. Rg3 Qd8 26. exf6+ gxf6 27. Rg8
Qc7 28. dxc5 Kd7 29. h4 Kc6 30. h5 Rh7 31. Qxf6 Rxh5 32. f4 Rf5 33. Qg6 0-1

[Event "Mondiale Lampo FIDE 2017"]
[Site "Riyadh"]
[Date "30.12.2017"]
[Round "17.8"]
[White "Bortnyk, Olexandr"]
[Black "Dreev, Aleksey"]
[Result "1-0"]
[WhiteTitle "GM"]
[BlackTitle "GM"]
[WhiteElo "2610"]
[BlackElo "2653"]
[WhiteFideId "14120828"]
[BlackFideId "4100107"]
[EventDate "2017.12.29"]

1. d4 d5 2. Nc3 c6 3. Bf4 Nf6 4. e3 Bf5 5. Nf3 h6 6. Ne5 Nbd7 7. g4 Bh7 8. h4
Nxe5 9. dxe5 Ne4 10. Nxe4 Bxe4 11. f3 Bh7 12. e6 Qb6 13. Bd3 Qxb2 14. Bxh7 Rxh7
15. Kf2 Qc3 16. Rb1 b5 17. exf7+ Kxf7 18. Rxb5 e5 19. Rb3 Qc4 20. Bxe5 Re8 21.
f4 Qe4 22. Rg1 Be7 23. Rb7 Kf8 24. Qd3 Bxh4+ 25. Ke2 Kg8 26. Qxe4 dxe4 27. Rxa7
Bf6 28. Bxf6 gxf6 29. Rxh7 Kxh7 30. Rd1 Rg8 31. Rd7+ Kh8 32. Rd6 Rxg4 33. Rxf6
Rg2+ 34. Kd1 Kg7 35. Rxc6 h5 36. Rc5 Kh6 37. Rg5 Rf2 38. Rg8 Rf1+ 39. Kd2 Kh7
40. Re8 h4 41. Re5 Kh6 42. Re8 Kh7 43. Re7+ Kh6 44. Re8 Kh7 45. Rxe4 h3 46. f5
Kg7 47. Rh4 Rf2+ 48. Kd3 h2 49. a4 Kf6 50. a5 Kxf5 51. a6 Kg5 52. Rh8 Rf6 53.
Rxh2 Rxa6 54. Rf2 Rd6+ 55. Ke4 Rc6 56. Kd5 Rc3 57. e4 1-0

[Event "Mondiale Lampo FIDE 2017"]
[Site "Riyadh"]
[Date "30.12.2017"]
[Round "17.9"]
[White "Socko, Bartosz"]
[Black "Aronian, Levon"]
[Result "0-1"]
[WhiteTitle "GM"]
[BlackTitle "GM"]
[WhiteElo "2593"]
[BlackElo "2805"]
[WhiteFideId "1107038"]
[BlackFideId "13300474"]
[EventDate "2017.12.29"]

1. d4 Nf6 2. c4 e6 3. g3 d5 4. Bg2 Be7 5. Nf3 O-O 6. O-O dxc4 7. Qc2 a6 8. a4
Bd7 9. Qxc4 Bc6 10. Bf4 Nbd7 11. Rd1 Bd6 12. Qc1 Qe7 13. Nc3 Rad8 14. Bd2 Nd5
15. Qc2 f5 16. Nxd5 Bxd5 17. Bg5 Nf6 18. Ne5 Bxg2 19. Kxg2 h6 20. Bxf6 Qxf6 21.
Nc4 f4 22. Nxd6 Rxd6 23. f3 Rxd4 24. Qxc7 Rxd1 25. Rxd1 Qxb2 26. Qc4 Qe5 27. Rd4
b5 28. axb5 axb5 29. Qd3 Qe3 30. Qxe3 fxe3 31. Re4 Kf7 32. Rxe3 Ke7 33. f4 b4
34. Kf3 Kd6 35. Ke4 Rb8 36. Rb3 Kc5 37. Ke5 Kc4 38. Rb1 Rb6 39. e4 b3 40. g4 b2
41. h4 Kc3 42. g5 hxg5 43. hxg5 Kc2 44. Rh1 b1=Q 45. Rxb1 Rxb1 46. Kxe6 Kd3 47.
f5 Kxe4 48. f6 Rb6+ 49. Ke7 Rb7+ 50. Ke6 g6 51. f7 Rxf7 52. Kxf7 Kf5 0-1

[Event "Mondiale Lampo FIDE 2017"]
[Site "Riyadh"]
[Date "30.12.2017"]
[Round "17.11"]
[White "Vidit, Santosh Gujrathi"]
[Black "Salem, A.R. Saleh"]
[Result "1-0"]
[WhiteTitle "GM"]
[BlackTitle "GM"]
[WhiteElo "2715"]
[BlackElo "2638"]
[WhiteFideId "5029465"]
[BlackFideId "9301348"]
[EventDate "2017.12.29"]

1. d4 Nf6 2. Nf3 d5 3. Bf4 Bf5 4. e3 e6 5. Nbd2 Bd6 6. Ne5 Nbd7 7. g4 Bg6 8. h4
h6 9. Nxg6 fxg6 10. Bxd6 cxd6 11. Bd3 Nf8 12. Qe2 a6 13. O-O-O Qe7 14. g5 N6d7
15. f4 O-O-O 16. e4 dxe4 17. Bxe4 Kb8 18. Nf3 Qf7 19. Qe3 Nb6 20. Kb1 Nd5 21.
Qb3 Nxf4 22. Rhf1 Qc7 23. c4 Nd7 24. Rc1 Qb6 25. Qe3 e5 26. c5 dxc5 27. dxc5 Qa7
28. Nxe5 Nxe5 29. Qxf4 Rhe8 30. Bxg6 Ka8 31. Bxe8 Nd3 32. Qe3 Nxc1 33. Rxc1 hxg5
34. hxg5 Qb8 35. Ba4 Qc7 36. c6 b5 37. Bb3 Kb8 38. a3 Rd6 39. Qe4 Ka7 40. Rd1
Rxd1+ 41. Bxd1 Kb6 42. Qd4+ 1-0

[Event "Mondiale Lampo FIDE 2017"]
[Site "Riyadh"]
[Date "30.12.2017"]
[Round "17.12"]
[White "Esipenko, Andrey"]
[Black "Yu, Yangyi"]
[Result "0-1"]
[WhiteTitle "FM"]
[BlackTitle "GM"]
[WhiteElo "2564"]
[BlackElo "2751"]
[WhiteFideId "24175439"]
[BlackFideId "8603820"]
[EventDate "2017.12.29"]

1. d4 Nf6 2. c4 e6 3. Nf3 d5 4. Nc3 Bb4 5. e3 O-O 6. Bd2 b6 7. cxd5 exd5 8. Bd3
Bb7 9. O-O Nbd7 10. Ne5 Bd6 11. f4 c5 12. Be1 cxd4 13. exd4 Ne4 14. Nb5 Be7 15.
Rc1 a6 16. Rc7 Nxe5 17. fxe5 Bc8 18. Nc3 Be6 19. Rb7 f5 20. Qb3 Bg5 21. Rxb6
Be3+ 22. Kh1 Rb8 23. Rxb8 Qxb8 24. Qxb8 Rxb8 25. b3 Bxd4 26. Ne2 Bxe5 27. Bxa6
Ra8 28. Bd3 Rxa2 29. Bg3 Bxg3 30. hxg3 Rxe2 31. Bxe2 Nxg3+ 32. Kh2 Nxf1+ 33.
Bxf1 Kf7 34. b4 Ke7 35. Kg3 g5 36. b5 Kd6 37. Kf2 Kc5 38. Ke3 f4+ 39. Kf3 h5 40.
Bd3 Bg4+ 41. Kf2 h4 42. Bf1 Bd7 43. Kf3 Bxb5 0-1

[Event "Mondiale Lampo FIDE 2017"]
[Site "Riyadh"]
[Date "30.12.2017"]
[Round "17.13"]
[White "Svidler, Peter"]
[Black "Adly, Ahmed"]
[Result "1/2-1/2"]
[WhiteTitle "GM"]
[BlackTitle "GM"]
[WhiteElo "2765"]
[BlackElo "2637"]
[WhiteFideId "4102142"]
[BlackFideId "10601619"]
[EventDate "2017.12.29"]

1. Nf3 d5 2. g3 Nf6 3. Bg2 b5 4. d3 Bb7 5. Nbd2 e6 6. O-O Nbd7 7. c4 bxc4 8.
dxc4 Bd6 9. cxd5 exd5 10. Nd4 O-O 11. N2f3 Re8 12. Nf5 Bf8 13. b4 c6 14. Rb1 a5
15. b5 c5 16. Bf4 Qb6 17. a4 d4 18. Nd2 Bxg2 19. Kxg2 Qe6 20. Qc2 Qxe2 21. Rfe1
Qxe1 22. Rxe1 Rxe1 23. Nc4 Nd5 24. Bd2 Re6 25. Bxa5 g6 26. Nh4 N7b6 27. Bxb6
Nxb6 28. Nxb6 Rxb6 29. Nf3 d3 30. Qxd3 Rxa4 31. Ne5 Re6 32. Nc4 Rb4 33. b6 Rexb6
34. Nxb6 Rxb6 35. Qc4 Rb4 36. Qd5 Rd4 37. Qc6 c4 38. Kf3 h5 39. Ke3 Bg7 40. Qc8+
Kh7 41. Qc7 c3 42. Qxf7 Rd1 43. Qc7 Kh6 44. f4 Bd4+ 45. Ke4 Rd2 46. f5 gxf5+ 47.
Kxf5 Rf2+ 48. Ke4 Bf6 49. Qc5 Rf1 50. h3 Kg6 51. g4 1/2-1/2

[Event "Mondiale Lampo FIDE 2017"]
[Site "Riyadh"]
[Date "30.12.2017"]
[Round "17.14"]
[White "Li, Chao b"]
[Black "Le, Quang Liem"]
[Result "1-0"]
[WhiteTitle "GM"]
[BlackTitle "GM"]
[WhiteElo "2732"]
[BlackElo "2737"]
[WhiteFideId "8604436"]
[BlackFideId "12401137"]
[EventDate "2017.12.29"]

1. d4 Nf6 2. c4 e6 3. Nf3 d5 4. Nc3 Bb4 5. Bg5 h6 6. Bxf6 Qxf6 7. Qa4+ Nc6 8. e3
O-O 9. Rc1 Rd8 10. h4 e5 11. cxd5 Rxd5 12. dxe5 Bxc3+ 13. Rxc3 Nxe5 14. Qe8+ Kh7
15. Ng5+ Kg6 16. f4 hxg5 17. fxe5 Qf5 18. h5+ Kh7 19. h6 Qb1+ 20. Kf2 Rd2+ 21.
Kg3 Qe1+ 22. Kh2 Qh4+ 23. Kg1 Qf2+ 24. Kh2 gxh6 25. Rxc7 Kg7 26. e6 Qh4+ 27. Kg1
Qf2+ 28. Kh2 Bxe6 29. Qxe6 Qh4+ 30. Qh3 Qxh3+ 31. Kxh3 Rxb2 32. Bc4 Re8 33.
Rxf7+ Kg6 34. Rhf1 Rxe3+ 35. Kh2 b5 36. R7f6+ Kg7 37. Rf7+ Kg6 38. Rb7 g4 39.
Rxb5 Rxb5 40. Bxb5 h5 41. Rf4 Kg5 42. Rd4 h4 43. Rd5+ Kf6 44. Rd4 h3 45. Rxg4
hxg2 46. a4 Ra3 47. Rxg2 a6 48. Bc6 Rc3 49. Bd7 Rd3 50. Bc8 Ra3 51. Rg4 a5 52.
Bd7 Rd3 53. Bb5 Rc3 54. Re4 Kf5 55. Re7 Kg4 56. Kg2 Rc2+ 57. Kf1 Kf4 58. Ke1 Ra2
59. Kd1 Kf5 60. Kc1 Kf6 61. Ra7 Ke5 62. Rxa5 Kd4 63. Ra7 Kc3 64. Rc7+ Kb4 65.
Rc2 Ra3 66. Rc4+ Ka5 67. Kb2 Rf3 68. Rc3 Rf5 69. Kb3 Rf4 70. Rd3 Rb4+ 71. Kc3
Rh4 72. Rd4 Rh3+ 73. Kc4 Rh8 74. Rd5 Rh4+ 75. Kc3 Rh3+ 76. Kc4 Rh4+ 77. Kb3 Kb6
78. Bc4 Rh1 79. Kb4 Rb1+ 80. Bb3 Kc6 81. Rb5 Rb2 82. Kc3 Rh2 83. Bd5+ Kd6 84.
Bb7 Rh4 85. a5 Kc7 86. a6 Kb8 87. Kb3 Ka7 88. Rb4 Rh3+ 89. Ka4 Rh5 90. Bc8 Rc5
91. Bb7 Re5 92. Rc4 Kb6 93. Rc6+ Ka7 94. Rc7 Kb6 95. Rh7 Rg5 96. Bc8 Rc5 97. Bb7
Rc4+ 98. Kb3 Rf4 99. Kc3 Rg4 100. Kd3 Ra4 101. Rh6+ Ka7 102. Kc3 Rf4 103. Re6
Rg4 104. Be4 Rg1 105. Bd3 Rg7 106. Rd6 Rc7+ 107. Kb4 Re7 108. Bc4 Rc7 109. Bb5
Rc1 110. Rd7+ Kb8 111. Bc4 Rg1 112. a7+ 1-0

[Event "Mondiale Lampo FIDE 2017"]
[Site "Riyadh"]
[Date "30.12.2017"]
[Round "17.15"]
[White "Fedoseev, Vladimir3"]
[Black "Mamedov, Rauf"]
[Result "0-1"]
[WhiteTitle "GM"]
[BlackTitle "GM"]
[WhiteElo "2718"]
[BlackElo "2709"]
[WhiteFideId "24130737"]
[BlackFideId "13401653"]
[EventDate "2017.12.29"]

1. d4 d6 2. c4 e5 3. Nf3 e4 4. Nfd2 f5 5. Nc3 Nf6 6. e3 g6 7. b4 Bg7 8. Bb2 O-O
9. Be2 c6 10. h4 h5 11. g3 d5 12. a4 Be6 13. c5 Nbd7 14. b5 Ng4 15. Qb3 Bf7 16.
a5 Nxc5 17. dxc5 d4 18. Nc4 dxe3 19. fxe3 Nxe3 20. Nd1 Bxb2 21. Ndxb2 f4 22.
gxf4 Ng2+ 23. Kf2 Nxf4 24. Qe3 Bd5 25. Kg1 Qe7 26. Rh2 Qf6 27. Rf1 cxb5 28. Nd6
Nxe2+ 29. Qxe2 Qd4+ 30. Rhf2 Rf3 31. Qd2 Qxc5 32. Rd1 Bc6 33. Qd4 Qa3 34. Rg2
Rg3 35. Nxe4 Rxg2+ 36. Kxg2 Re8 37. Kh2 Rxe4 38. Qd8+ Re8 39. Qd2 Qf3 0-1

[Event "Mondiale Lampo FIDE 2017"]
[Site "Riyadh"]
[Date "30.12.2017"]
[Round "17.16"]
[White "Amonatov, Farrukh"]
[Black "Safarli, Eltaj"]
[Result "1/2-1/2"]
[WhiteTitle "GM"]
[BlackTitle "GM"]
[WhiteElo "2636"]
[BlackElo "2639"]
[WhiteFideId "14700077"]
[BlackFideId "13402129"]
[EventDate "2017.12.29"]

1. e4 e5 2. Nf3 Nc6 3. Bc4 Bc5 4. c3 Nf6 5. d4 exd4 6. e5 d5 7. Bb5 Ne4 8. cxd4
Bb6 9. Nc3 O-O 10. Be3 Ne7 11. O-O Bg4 12. h3 Bh5 13. Be2 f6 14. exf6 Nxf6 15.
Ne5 Bxe2 16. Qxe2 Nf5 17. Qd3 Nxe3 18. fxe3 c6 19. Rf5 Qe7 20. Raf1 Rae8 21. a3
g6 22. R5f3 Nd7 23. Rxf8+ Rxf8 24. Rxf8+ Nxf8 25. Ne2 Bc7 26. Nf3 Nd7 27. Nf4
Nf6 28. b4 a6 29. Ne2 Ne4 30. Nc3 Ng3 31. Ne2 Nf5 32. Kf2 h5 33. Nf4 Qf7 34. Ne5
Bxe5 35. dxe5 Kh7 36. Kg1 Qe7 37. e6 Qf6 38. a4 Kg7 39. b5 axb5 40. axb5 Nd6 41.
bxc6 bxc6 42. e7 Kf7 43. Qc2 Ne4 44. Qa4 Kxe7 45. Qa7+ Ke8 46. Qb8+ Kd7 47. Qb7+
Kd6 48. Qb8+ Kd7 49. Nd3 Qd6 50. Qb7+ Qc7 51. Qb2 Kc8 52. Qh8+ Kb7 53. Qg8 Qb6
54. Qg7+ Ka6 55. Qa1+ Kb7 56. Qg7+ Ka6 57. Qa1+ Kb7 58. Qg7+ Kc8 59. Qg8+ Kb7
60. Qg7+ Ka6 61. Qa1+ Kb5 62. Qb2+ Ka6 63. Qa1+ Kb7 64. Qg7+ Kb8 65. Qg8+ Ka7
66. Qg7+ Qb7 67. Qa1+ Kb8 68. Qe5+ Ka7 69. Qa1+ Qa6 70. Qd4+ Qb6 71. Qg7+ Qb7
72. Qa1+ Qa6 73. Qd4+ Kb7 74. Qg7+ Kb6 75. Qd4+ Kb7 76. Qg7+ Kb6 77. Qd4+ Kb7
78. Qg7+ Ka8 79. Qg8+ Ka7 80. Qg7+ Qb7 81. Qa1+ Kb8 82. Qh8+ Qc8 83. Qe5+ Kb7
84. Qb2+ Ka8 85. Qa1+ Kb8 86. Qb2+ Qb7 87. Qh8+ Ka7 88. Qa1+ Qa6 89. Qd4+ Qb6
90. Qg7+ Ka6 91. Qa1+ Kb7 92. Qg7+ Ka6 93. Qa1+ 1/2-1/2

[Event "Mondiale Lampo FIDE 2017"]
[Site "Riyadh"]
[Date "30.12.2017"]
[Round "17.17"]
[White "Kravtsiv, Martyn"]
[Black "Khismatullin, Denis"]
[Result "0-1"]
[WhiteTitle "GM"]
[BlackTitle "GM"]
[WhiteElo "2672"]
[BlackElo "2632"]
[WhiteFideId "14113147"]
[BlackFideId "4142578"]
[EventDate "2017.12.29"]

1. e4 d6 2. d4 Nf6 3. Nc3 e5 4. dxe5 dxe5 5. Qxd8+ Kxd8 6. Bg5 Be6 7. O-O-O+ Kc8
8. f4 exf4 9. Nf3 Nbd7 10. Bxf4 Bc5 11. h3 Nh5 12. Bh2 Be3+ 13. Kb1 Bf4 14. Bxf4
Nxf4 15. Nd4 c6 16. g3 Ng6 17. Nxe6 fxe6 18. Bc4 Re8 19. Rhf1 Nge5 20. Bb3 Kc7
21. a3 Nc5 22. Ba2 a5 23. Ne2 b5 24. Rd4 Rf8 25. Rxf8 Rxf8 26. Nf4 g5 27. Nxe6+
Nxe6 28. Bxe6 Rf1+ 29. Ka2 Rf3 30. c4 bxc4 31. Bxc4 Rxg3 32. Be6 h5 33. a4 Rd3
34. Rxd3 Nxd3 35. Kb1 Kd6 36. Bf5 Nc5 37. b4 axb4 38. a5 Nd3 39. Kc2 Ne5 40. Kb3
c5 41. Bc8 Kc7 42. Ba6 g4 43. hxg4 hxg4 44. Bf1 g3 45. Ka4 Kb7 46. Bg2 Kc7 47.
Bf1 Kb7 48. Bg2 Ka7 49. Bf1 Nc4 50. Kb5 b3 51. Kxc4 b2 52. Bd3 g2 53. e5 g1=Q 0-1

[Event "Mondiale Lampo FIDE 2017"]
[Site "Riyadh"]
[Date "30.12.2017"]
[Round "17.18"]
[White "Melkumyan, Hrant"]
[Black "Quparadze, Giga"]
[Result "1-0"]
[WhiteTitle "GM"]
[BlackTitle "GM"]
[WhiteElo "2633"]
[BlackElo "2506"]
[WhiteFideId "13302485"]
[BlackFideId "13602250"]
[EventDate "2017.12.29"]

1. d4 Nf6 2. Nf3 e6 3. g3 b5 4. Bg5 Bb7 5. Nbd2 c5 6. e4 cxd4 7. Nxd4 a6 8. Bg2
h6 9. Be3 Nc6 10. e5 Nd5 11. Bxd5 exd5 12. O-O Nxe5 13. Re1 Be7 14. Nf5 O-O 15.
Bd4 d6 16. f4 f6 17. fxe5 fxe5 18. Qg4 Bg5 19. Be3 Bc8 20. Bxg5 hxg5 21. Rf1 Qf6
22. Qe2 Bxf5 23. g4 g6 24. gxf5 gxf5 25. Kh1 e4 26. Rg1 Rf7 27. Raf1 Rg7 28. c3
Rf8 29. Nb3 Qe5 30. Nd4 g4 31. Nc6 Qe8 32. Nd4 Qe5 33. Nc6 Qe8 34. Nb4 d4 35.
cxd4 Rf6 36. Nd5 Rf8 37. Qe3 Qe6 38. Nf4 Qh6 39. Rf2 Rh7 40. Rg3 Kh8 41. d5 Qf6
42. Ne6 Rg8 43. Qxe4 Qxb2 44. Qd4+ Qxd4 45. Nxd4 Re8 46. Nxf5 Re1+ 47. Kg2 Re5
48. Rxg4 Rf7 49. Nxd6 Rxf2+ 50. Kxf2 Rxd5 51. Ne4 Rd4 52. Kf3 Ra4 53. Rg2 Ra3+
54. Kf4 Ra4 55. Kf5 Rc4 56. Nf6 Rc5+ 57. Kg6 Rc7 58. Kh6 Rc8 59. Rg7 1-0

[Event "Mondiale Lampo FIDE 2017"]
[Site "Riyadh"]
[Date "30.12.2017"]
[Round "17.19"]
[White "Harikrishna, Pentala"]
[Black "Onischuk, Vladimir"]
[Result "0-1"]
[WhiteTitle "GM"]
[BlackTitle "GM"]
[WhiteElo "2744"]
[BlackElo "2637"]
[WhiteFideId "5007003"]
[BlackFideId "14114038"]
[EventDate "2017.12.29"]

1. Nf3 g6 2. g3 Bg7 3. d4 Nf6 4. Bg2 O-O 5. O-O d6 6. Nc3 Nbd7 7. e4 e5 8. h3 c6
9. Be3 Qc7 10. a4 a5 11. Qd2 Re8 12. Rad1 exd4 13. Nxd4 Ne5 14. b3 Qe7 15. f4
Ned7 16. Bf2 Nc5 17. Rfe1 Nfd7 18. Kh2 h5 19. Nf3 b6 20. Bd4 Bh6 21. e5 h4 22.
exd6 hxg3+ 23. Kxg3 Qf8 24. Rxe8 Qxe8 25. Re1 Qf8 26. Be3 Nf6 27. Kh2 Bf5 28.
Nd4 Nfe4 29. Nxe4 Nxe4 30. Qd3 Nxd6 31. Nxf5 Nxf5 32. Bxc6 Rd8 33. Qe4 Nxe3 34.
Rxe3 Qd6 35. Kg3 Bxf4+ 36. Qxf4 Qxc6 37. Re7 Qc3+ 38. Qf3 Qg7 39. Qe3 Qf6 40.
Re8+ Rxe8 41. Qxe8+ Kg7 42. Qe3 Qd6+ 43. Kg2 Qc6+ 44. Kg3 Qd6+ 45. Kg2 f5 46.
Qc3+ Kf7 47. Qc4+ Ke7 48. Kf3 Kf6 49. Qc3+ Kg5 50. Qe3+ Kh5 51. Qe8 Qd1+ 52. Kg3
Qg1+ 53. Kf3 Qf1+ 54. Kg3 f4+ 55. Kh2 Qf2+ 56. Kh1 Qf3+ 57. Kg1 Qg3+ 58. Kf1
Qxh3+ 59. Kf2 Qg3+ 60. Kf1 Qf3+ 61. Ke1 Qc3+ 62. Kd1 Qd4+ 63. Ke2 Qd5 64. Kf2
Kg5 65. Qe7+ Kg4 66. Qe2+ Kf5 67. Qa6 Qc5+ 68. Kf1 Qxc2 69. Qxb6 Qd3+ 70. Kf2
Qe3+ 71. Qxe3 fxe3+ 72. Kxe3 Ke5 73. Kd3 Kd5 74. b4 axb4 75. a5 g5 0-1

[Event "Mondiale Lampo FIDE 2017"]
[Site "Riyadh"]
[Date "30.12.2017"]
[Round "17.20"]
[White "Bu, Xiangzhi"]
[Black "Andriasian, Zaven"]
[Result "1-0"]
[WhiteTitle "GM"]
[BlackTitle "GM"]
[WhiteElo "2730"]
[BlackElo "2585"]
[WhiteFideId "8601445"]
[BlackFideId "13302000"]
[EventDate "2017.12.29"]

1. Nf3 d5 2. d4 Nf6 3. c4 c6 4. Nc3 g6 5. cxd5 cxd5 6. Bg5 Bg7 7. Qb3 Nc6 8. e3
e6 9. Bd3 O-O 10. O-O h6 11. Bh4 g5 12. Bg3 Nh5 13. Rac1 Nxg3 14. hxg3 Bd7 15.
Rfd1 g4 16. Nd2 h5 17. Ne2 Rb8 18. Nf4 Qg5 19. Bb1 Rfd8 20. Qd3 f5 21. Nb3 b6
22. Rxc6 Bxc6 23. Nxe6 Qf6 24. Nxd8 Rxd8 25. Qxf5 Qxf5 26. Bxf5 Kf7 27. Rc1 Rd6
28. Rc2 Kf6 29. Bd3 a5 30. Nc1 a4 31. Ne2 Be8 32. Rc7 b5 33. a3 Rb6 34. Nc3 Bc6
35. Bxb5 Bb7 36. Rc5 Ke6 37. Nxa4 Rd6 38. Rc7 1-0

[Event "Mondiale Lampo FIDE 2017"]
[Site "Riyadh"]
[Date "30.12.2017"]
[Round "17.21"]
[White "Laznicka, Viktor"]
[Black "Kryvoruchko, Yuriy"]
[Result "1/2-1/2"]
[WhiteTitle "GM"]
[BlackTitle "GM"]
[WhiteElo "2647"]
[BlackElo "2689"]
[WhiteFideId "316385"]
[BlackFideId "14109182"]
[EventDate "2017.12.29"]

1. d4 Nf6 2. Nf3 e6 3. Bf4 b6 4. e3 c5 5. Be2 Be7 6. h3 O-O 7. O-O Bb7 8. Nbd2
d6 9. Bh2 Nbd7 10. a4 a6 11. c3 cxd4 12. exd4 Nd5 13. Qb3 Bc6 14. c4 Nc7 15. a5
b5 16. Rfc1 bxc4 17. Nxc4 Bd5 18. Qa4 Nb5 19. Ne3 Bxf3 20. Bxf3 Rb8 21. Rc6 Bf6
22. Rd1 e5 23. dxe5 Nxe5 24. Bxe5 Bxe5 25. Nc4 Nd4 26. Rxd4 Bxd4 27. Rxd6 Qh4
28. Ne3 Rfd8 29. g3 Qxg3+ 30. fxg3 Bxe3+ 31. Kg2 Rxd6 32. h4 g6 33. Qe4 Rxb2+
34. Kh3 Bd4 35. h5 Rb8 36. h6 Rbd8 37. Be2 Re6 38. Qg4 Be3 39. Bc4 Re7 40. Bxa6
Bxh6 41. Bc4 Rde8 42. a6 Be3 43. Qf3 Ba7 44. Qf6 h5 45. Qxg6+ Kf8 46. Qh6+ Kg8
47. Bd3 Bd4 48. Bh7+ Kh8 49. Bd3+ Kg8 50. Bb5 Bg7 51. Qd6 Re6 52. Qd7 R6e7 53.
Qd6 Re6 54. Qc7 R6e7 55. Qc2 Rb8 56. Qc6 Be5 57. Bc4 Kg7 58. Qc5 Bf6 59. Bd5 Rd8
60. Bf3 Rd3 61. a7 Rxa7 62. Qxa7 Rxf3 63. Kg2 Rc3 64. Qa5 Kg6 65. Qd5 Rc2+ 66.
Kh3 Rc3 67. Qe4+ Kg7 68. Kg2 Rc5 69. Kf3 Re5 70. Qc4 Rg5 71. Qc1 Kg6 72. Qc2+
Kg7 73. Qc1 Rg4 74. Qc5 Kg6 75. Qc2+ Kg7 76. Qc5 Rg5 77. Qc1 Kh6 78. Qf4 Kg6 79.
Qe4+ Kg7 80. Qe3 Rf5+ 81. Kg2 Be5 82. Kh3 Bf6 83. g4 Re5 84. Qf4 h4 85. g5 Rxg5
86. Qxh4 Rg6 87. Qe4 Rg5 88. Qc2 Be5 89. Qe4 f6 90. Qc2 Kh6 91. Qd2 Kg7 92. Qc2
Rg3+ 93. Kh4 Rg6 94. Kh3 Rg3+ 95. Kh4 Rg5 96. Kh3 Kh6 97. Qc1 f5 98. Qc6+ Rg6
99. Qd5 Rg3+ 100. Kh4 Rg4+ 101. Kh3 Rg3+ 102. Kh4 Rg4+ 1/2-1/2

[Event "Mondiale Lampo FIDE 2017"]
[Site "Riyadh"]
[Date "30.12.2017"]
[Round "17.22"]
[White "Bacrot, Etienne"]
[Black "Saric, Ivan"]
[Result "1-0"]
[WhiteTitle "GM"]
[BlackTitle "GM"]
[WhiteElo "2725"]
[BlackElo "2669"]
[WhiteFideId "605506"]
[BlackFideId "14508150"]
[EventDate "2017.12.29"]

1. e4 c5 2. Nf3 e6 3. d4 cxd4 4. Nxd4 Nc6 5. Nc3 Qc7 6. Be3 a6 7. Qf3 Ne5 8. Qg3
h5 9. Bf4 d6 10. Bg5 b5 11. a3 Ng6 12. h4 Rb8 13. Be2 Nf6 14. O-O Bb7 15. Bxf6
gxf6 16. Nxe6 fxe6 17. Qxg6+ Qf7 18. Qxf7+ Kxf7 19. f3 Rc8 20. Kf2 Bh6 21. Bd3
Rc5 22. Rfd1 Ke7 23. Ne2 Bc8 24. b4 Rc7 25. a4 bxa4 26. Rxa4 Rd8 27. Ra5 d5 28.
exd5 Rxd5 29. Rxd5 exd5 30. Nd4 Kd6 31. Ra1 Bd2 32. Bxa6 Ke5 33. Bxc8 Kxd4 34.
Bf5 Bxb4 35. Bd3 Re7 36. Ra4 Kc5 37. Ra1 Bc3 38. Ra8 Be1+ 39. Kg1 Bg3 40. Rh8
Re1+ 41. Bf1 Bxh4 42. Rxh5 Bg5 43. g3 Rc1 44. f4 Bxf4 45. gxf4 Rxc2 46. Rh2 Rc3
47. Rd2 Rf3 48. Rf2 Rc3 49. Kg2 Kd4 50. Rf3 Rc2+ 51. Kg3 Rc8 52. Bg2 Rg8+ 53.
Kf2 Kc4 54. Ra3 d4 55. Bf1+ Kb4 56. Ra6 Rf8 57. Kf3 Kc5 58. Bd3 Re8 59. Kf2 Re3
60. Bf5 Rb3 61. Rxf6 d3 62. Ke3 d2+ 63. Kxd2 Kd4 64. Bc2 Rf3 65. f5 Rf2+ 66. Kc1
Kc3 67. Rc6+ Kd4 68. Rc8 Ke5 69. Kb2 Rf4 70. Kc3 Rf3+ 71. Bd3 Kd5 72. Re8 Rf2
73. Re1 Rf4 74. Rf1 Ra4 75. f6 1-0

[Event "Mondiale Lampo FIDE 2017"]
[Site "Riyadh"]
[Date "30.12.2017"]
[Round "17.23"]
[White "Amin, Bassem"]
[Black "Bocharov, Dmitry"]
[Result "1-0"]
[WhiteTitle "GM"]
[BlackTitle "GM"]
[WhiteElo "2689"]
[BlackElo "2583"]
[WhiteFideId "10601457"]
[BlackFideId "4138716"]
[EventDate "2017.12.29"]

1. e4 c5 2. Nf3 Nc6 3. d3 g6 4. g3 Bg7 5. Bg2 e5 6. O-O Nge7 7. c3 O-O 8. a3 d6
9. b4 h6 10. Nbd2 Be6 11. Nb3 b6 12. b5 Nb8 13. d4 exd4 14. cxd4 Nd7 15. Rb1 c4
16. Na1 d5 17. e5 a6 18. Nc2 axb5 19. Rxb5 Ra5 20. Rxa5 bxa5 21. Ne3 Qb6 22. Bd2
Nc6 23. Bc3 Qb3 24. Qxb3 cxb3 25. Nd2 a4 26. Nxd5 Rc8 27. Bb2 Bxd5 28. Bxd5 Ne7
29. Be4 Nb6 30. Rc1 Rxc1+ 31. Bxc1 Ned5 32. Bb2 Bf8 33. Kf1 Be7 34. Ke2 Nc7 35.
Bc6 f6 36. f4 Kf7 37. Kd3 Ke6 38. Nc4 Ncd5 39. Nxb6 Nxb6 40. Bb5 Kd5 41. Be8 g5
42. Bf7+ Kc6 43. Ke4 fxe5 44. fxe5 Kb5 45. Be8+ Kc4 46. d5 Kc5 47. d6 Bd8 48.
Bd4+ Kc4 49. Bf7+ Kb5 50. e6 Nc4 51. Kd5 Ne3+ 52. Bxe3 1-0

[Event "Mondiale Lampo FIDE 2017"]
[Site "Riyadh"]
[Date "30.12.2017"]
[Round "17.24"]
[White "Nguyen, Ngoc Truong Son"]
[Black "Ponomariov, Ruslan"]
[Result "1/2-1/2"]
[WhiteTitle "GM"]
[BlackTitle "GM"]
[WhiteElo "2630"]
[BlackElo "2694"]
[WhiteFideId "12401110"]
[BlackFideId "14103320"]
[EventDate "2017.12.29"]

1. d4 d5 2. Nf3 Nf6 3. Bf4 c5 4. e3 Qb6 5. Nc3 Bd7 6. Rb1 e6 7. dxc5 Bxc5 8. Bd3
Be7 9. O-O Nc6 10. Ne5 Nxe5 11. Bxe5 Bd6 12. Bxd6 Qxd6 13. Re1 Bc6 14. Nb5 Qe7
15. Nd4 Bd7 16. c4 dxc4 17. Bxc4 O-O 18. Qb3 Rac8 19. Bd3 Rc7 20. Rbc1 Rfc8 21.
Rxc7 Rxc7 22. h3 Qc5 23. Ne2 h6 24. Rc1 Qd6 25. Rxc7 Qxc7 26. Qc3 Qxc3 27. Nxc3
Kf8 28. f4 Ke7 29. e4 g5 30. g3 Nh5 31. Ne2 gxf4 32. gxf4 Kd6 33. e5+ Kc5 34.
Kf2 Bc6 35. Ke3 a5 36. Bh7 f5 37. Bg6 Ng7 38. Nd4 Bd7 39. Kd3 b5 40. a3 a4 41.
Nc2 Be8 42. Bxe8 Nxe8 43. Nd4 Nc7 44. h4 h5 45. b4+ axb3 46. Nxb3+ Kd5 47. Nd4
Kc5 48. Nb3+ Kd5 49. Nd4 Kc5 50. Nb3+ Kd5 51. Nd4 1/2-1/2